000 00752nam a22002417a 4500
999 _c33767
_d33767
001 3055
003 CO-MdFUSB
005 20180622073129.0
008 180427t1985 sp ||||| |||| 00| 0 spa d
020 _a84-7228-944-3
040 _aCO-MdFUSB
_bspa
_cCO-MdFUSB
_dCO-MdFUSBC
_erda
041 0 _aspa
082 0 4 _aG 228.1 G127a
100 1 _aGaebelein, A. C. (Arno Clemens) (1861-1945)
_eautor
245 3 _aEl libro de Apocalipsis
_c/ A. C. Gaebelein ; Samuel Vila, Traductor
264 4 _aTerrassa, Barcelona, España :
_b CLIE,
_c©1985
300 _a170 Pag
336 _2rdacontent
_atexto
_btxt
337 _2rdamedia
_asin mediación
_bn
338 _2rdacarrier
_avolumen
_bnc
653 _aBiblia N.T. - Apocalipsis - Comentarios
942 _cBK